College Football Matchups: Indiana - Statistics

General Stats
  • This quiz has been taken 107 times
    31 since last reset
  • The average score is 14 of 16
Answer Stats
Games Opponent Subdivision % Correct
79 Iowa Power 4
100%
69 Minnesota Power 4
100%
99 Ohio State Power 4
100%
28 Penn State Power 4
100%
127 Purdue Power 4
100%
64 Wisconsin Power 4
100%
75 Illinois Power 4
96%
73 Michigan Power 4
96%
72 Michigan State Power 4
96%
23 Nebraska Power 4
85%
14 Maryland Power 4
81%
84 Northwestern Power 4
81%
30 Notre Dame Power 4
81%
36 Kentucky Power 4
63%
16 Cincinnati Power 4
52%
14 Miami (OH) Group of 5
44%
No matching quizzes found
Score Distribution
Percent of People with Each Score
Percentile by Number Answered
Your Score History
You have not taken this quiz since the last reset